| 000 | 00872nam1a22002411 4500 | ||
|---|---|---|---|
| 001 | rc\29055 | ||
| 005 | 20021216123910.5 | ||
| 035 | _a(NLR Aleph) 005384296 | ||
| 090 |
_a7132244 _c7132244 |
||
| 100 | _a20021216d1995 u |0rusy50 ca | ||
| 101 | 0 | _arus | |
| 102 | _aRU | ||
| 105 | _ay ||||||||| | ||
| 200 | 1 |
_aНАСЕЛЕНИЕ и кризисы _e[Сб. ст.] _fМГУ им. М.В. Ломоносова. Экон. фак. _gПод ред. [к. э. н.] М.Б. Денисенко |
|
| 210 |
_aМ. _cАссоц. "Гуманит. знание" _d1995 |
||
| 215 | _d21 | ||
| 702 | 1 |
_aДенисенко _bМ. Б. _gМихаил Борисович _4340 |
|
| 712 | 0 | 2 |
_aМГУ им. М.В.Ломоносова _bЭкон. факультет _3RU\NLR\AUTH\889936562 |
| 801 | 0 |
_aRU _bNLR _gpsbo |
|
| 801 | 1 |
_aRU _bELAR _2rusmarc |
|
| 852 |
_aNLR _j96-6/2424 |
||
| 942 | _cBOOK | ||
| 980 | _aNB | ||